000 00553nam a2200229Ia 4500
003 OSt
005 20220918185023.0
006 a|||||r|||| 00| 0
007 ta
008 220917b |||||||| |||| 00| 0 eng d
024 _a49,230
037 _cTextual
040 _aARTS
_cARTS
_beng
041 _2eng
_aeng
082 _aP:1;1, J0
100 _aJones Daniel
_94822
245 0 _aPhoneme
_b its nature and use
260 _c1950
650 _aLINGUISTICS
942 _hP:1;1, J0
_cTEXL
_2CC
999 _c178856
_d178856